[Event "Vecindario rapid op 2nd"]
[Site "Vecindario"]
[Date "2024.11.02"]
[Round "7"]
[White "Blanco Garcia Bajo, David"]
[Black "Morell Rojas, Samuel"]
[Result "1-0"]
[WhiteElo "1907"]
[BlackElo "1522"]
[PlyCount "71"]
[EventDate "2024.11.01"]
[EventType "swiss"]
[EventRounds "9"]
[EventCountry "ESP"]
[SourceTitle "CB45_2024"]
[Source "ChessBase"]
[SourceDate "2024.11.06"]
[SourceVersion "1"]
[SourceVersionDate "2024.11.06"]
[SourceQuality "1"]

1. e4 c6 2. d4 d5 3. exd5 cxd5 4. Bd3 Nf6 5. c3 e6 6. Bf4 Bd6 7. Bg3 Ne4 8. Nf3 Nxg3 9. hxg3 Nc6 10. Qe2 Qc7 11. Nbd2 Bd7 12. Ng5 h6 13. Qf3 0-0-0 14. Nxf7 Rhf8 15. Nxd6+ Qxd6 16. Qe2 e5 17. dxe5 Nxe5 18. 0-0 Bg4 19. Qe3 Rde8 20. Qd4 h5 21. Bb5 Nc6 22. Nc4 Qc7 23. Qxd5 Rd8 24. Qc5 Rf5 25. Qe3 Rxb5 26. a4 Rbd5 27. b4 Qe7 28. Qf4 Rf8 29. Qc1 Qd7 30. b5 Nd8 31. b6 a6 32. Ne3 Re5 33. Qa3 Be6 34. Qxf8 Re4 35. Rfd1 Qc6 36. Rxd8# 1-0